Cost update (Record no. 79213)

MARC details
000 -LEADER
fixed length control field 00909cab a22002055a 4500
001 - CONTROL NUMBER
control field L140164
008 - FIXED-LENGTH DATA ELEMENTS--GENERAL INFORMATION
fixed length control field 070910e20070907xxkd f s 000 0 eng d
035 ## - SYSTEM CONTROL NUMBER
System control number (Sirsi) u140164
041 0# - LANGUAGE CODE
Language code of text/sound track or separate title eng
100 1# - MAIN ENTRY--PERSONAL NAME
Personal name Fordham, Peter
245 00 - TITLE STATEMENT
Title Cost update
260 ## - PUBLICATION, DISTRIBUTION, ETC.
Date of publication, distribution, etc. 2007
490 #0 - SERIES STATEMENT
Series statement Building
Volume/sequential designation 272(8496) 7 September 2007, 62-64(3)
520 ## - SUMMARY, ETC.
Summary, etc. Details of Davis Langdon's quarterly analysis of construction materials and labour prices. Reports that construction materials prices over the past 12 months were up by more than the previous year, with timber prices up by 30% and steel up between 20-30%. Demand from the Far and Middle East is driving the continuing rise in construction materials prices.
590 ## - LOCAL NOTE (RLIN)
Local note KA
650 24 - SUBJECT ADDED ENTRY--TOPICAL TERM
Topical term or geographic name entry element DAVIS LANGDON QUARTERLY ANALYSIS OF CONSTRUCTION MATERIALS AND LABOUR PRICES
651 #4 - SUBJECT ADDED ENTRY--GEOGRAPHIC NAME
Geographic name United Kingdom
Chronological subdivision
690 ## - LOCAL SUBJECT ADDED ENTRY--TOPICAL TERM (OCLC, RLIN)
Topical term or geographic name as entry element BUILT ENVIRONMENT-BUILDING COSTS
942 ## - ADDED ENTRY ELEMENTS (KOHA)
Suppress in OPAC 0
Holdings
Withdrawn status Lost status Source of classification or shelving scheme Damaged status Not for loan Home library Current library Shelving location Date acquired Total Checkouts Full call number Barcode Date last seen Copy number Price effective from Koha item type
    Dewey Decimal Classification     London London Journal article 10/09/2007   L140164 140164-1001 06/08/2019 1 06/08/2019 Journal article